My philosophy of life: a symposium/ (Record no. 100425)
[ view plain ]
| 000 -LEADER | |
|---|---|
| fixed length control field | 00360nam a22001337a 4500 |
| 005 - DATE AND TIME OF LATEST TRANSACTION | |
| control field | 20171204110652.0 |
| 008 - FIXED-LENGTH DATA ELEMENTS--GENERAL INFORMATION | |
| fixed length control field | 171204b xxu||||| |||| 00| 0 eng d |
| 040 ## - CATALOGING SOURCE | |
| Transcribing agency | PK-LaUMT |
| 082 ## - DEWEY DECIMAL CLASSIFICATION NUMBER | |
| Classification number | PKAC 131.3 |
| Item number | PHI- |
| 245 ## - TITLE STATEMENT | |
| Title | My philosophy of life: a symposium/ |
| Statement of responsibility, etc | Hon. Lord Inman(Edited) |
| 260 ## - PUBLICATION, DISTRIBUTION, ETC. (IMPRINT) | |
| Place of publication, distribution, etc | London: |
| Name of publisher, distributor, etc | Odhams press, |
| Date of publication, distribution, etc | 1958 |
| 300 ## - PHYSICAL DESCRIPTION | |
| Extent | 189p. |
| 942 ## - ADDED ENTRY ELEMENTS (KOHA) | |
| Koha item type | Books |
| Withdrawn status | Lost status | Damaged status | Home library | Current library | Date acquired | Full call number | Barcode | Date last seen | Price effective from | Koha item type |
|---|---|---|---|---|---|---|---|---|---|---|
| UMT Main Campus | UMT Main Campus | 2017-12-04 | PKAC 131.3 PHI- | 116238 | 2017-12-04 | 2017-12-04 | Books |
